| 000 | 01065nas a2200349 4500 | ||
|---|---|---|---|
| 001 | BR0904307 | ||
| 003 | BR-BrBNA | ||
| 005 | 20231205113300.0 | ||
| 007 | ta | ||
| 008 | 230509b bl.|||p| |||| 00| 00por d | ||
| 040 |
_aBR-BrBNA _bpor _cBiblioteca Nacional de Agricultura |
||
| 041 | _a(Pt) | ||
| 072 | _aL51 | ||
| 100 | 1 | _aFerreira, W.M. | |
| 100 | 1 | _aHerrera, A.D.P.N. | |
| 100 | 1 | _aScapinello, C. | |
| 100 | 1 | _aFontes, D.O. | |
| 100 | 1 | _aMachado, L.C. | |
| 100 | 1 | _aFerreira, S.R.A. | |
| 245 | 1 | _aDigestibilidade aparente dos nutrientes de dietas simplificadas baseadas em forragens para coelhos em crescimento | |
| 650 | _aCOELHO | ||
| 650 | _aDIGESTIBILIDADE | ||
| 650 | _aMAMÍFERO DOMÉSTICO | ||
| 650 | _aVALOR NUTRITIVO | ||
| 650 | _aCOMPOSIÇÃO QUÍMICA | ||
| 650 | _aDIETA | ||
| 650 | _aFENO | ||
| 650 | _aALFAFA | ||
| 773 | 0 |
_tArquivo Brasileiro de Medicina Veterinária e Zootecnia (Brazil) _xISSN 0102-0935 _g(Apr 2007), v. 59(2) p. 451-458 _wBR0904307 |
|
| 909 |
_a202311 _bLúcia _c55 _dLúcia Elande |
||
| 942 |
_2AGRIS _n0 _cANA |
||
| 999 |
_c202886 _d202886 |
||